Základné práva spotrebiteľov a ich využitie v praxi - analýza práva spotrebiteľské vzdelávanie diplomová práca

Salvato in:
Dettagli Bibliografici
Autore principale: Hrbková, Anna
Ente Autore: Obchodná fakulta EU. Katedra marketingu
Altri autori: Korčoková, Marína, 1970-
Natura: Libro
Lingua:slovacco
Pubblicazione: Bratislava 2013
Tags: Aggiungi Tag
Nessun Tag, puoi essere il primo ad aggiungerne!!

MARC

LEADER 00000nbm a2200000 4500
001 0169524
005 20161109102309.9
041 0 |a slo 
044 |a SK 
245 1 0 |a Základné práva spotrebiteľov a ich využitie v praxi - analýza práva spotrebiteľské vzdelávanie  |b diplomová práca  |c Anna Hrbková ; školiteľ: Marína Korčoková 
264 1 |a Bratislava  |c 2013 
300 |a 79 s. 
100 1 |a Hrbková, Anna 
700 1 |a Korčoková, Marína, 1970- 
710 2 |a Obchodná fakulta EU. Katedra marketingu